Optimized Superconducting Nanowire Single Photon Detectors to Maximize Absorptance

Elmentve itt :
Bibliográfiai részletek
Szerzők: Czirjákné Csete Mária
Szekeres Gábor
Szenes András László
Bánhelyi Balázs
Csendes Tibor
Szabó Gábor
Dokumentumtípus: Cikk
Megjelent: 2016
Sorozat:PROGRESS IN ELECTROMAGNETICS RESEARCH B 65
doi:10.2528/PIERB15090904

mtmt:3049195
Online Access:http://publicatio.bibl.u-szeged.hu/8321
LEADER 00896nab a2200253 i 4500
001 publ8321
005 20190412082552.0
008 160705s2016 hu o 0|| angol d
022 |a 1937-6472 
024 7 |a 10.2528/PIERB15090904  |2 doi 
024 7 |a 3049195  |2 mtmt 
040 |a SZTE Publicatio Repozitórium  |b hun 
041 |a angol 
100 2 |a Czirjákné Csete Mária 
245 1 0 |a Optimized Superconducting Nanowire Single Photon Detectors to Maximize Absorptance  |h [elektronikus dokumentum] /  |c  Czirjákné Csete Mária 
260 |c 2016 
300 |a 81-108 
490 0 |a PROGRESS IN ELECTROMAGNETICS RESEARCH B  |v 65 
700 0 1 |a Szekeres Gábor  |e aut 
700 0 1 |a Szenes András László  |e aut 
700 0 1 |a Bánhelyi Balázs  |e aut 
700 0 1 |a Csendes Tibor  |e aut 
700 0 1 |a Szabó Gábor  |e aut 
856 4 0 |u http://publicatio.bibl.u-szeged.hu/8321/1/PIERS_MCsete_2016.pdf  |z Dokumentum-elérés